Analyzing Banking Risk: a framework for assessing corporate governance and risk management (Record no. 5449)
[ view plain ]
| 000 -LEADER | |
|---|---|
| fixed length control field | 00667nam a22002177a 4500 |
| 003 - CONTROL NUMBER IDENTIFIER | |
| control field | OSt |
| 005 - DATE AND TIME OF LATEST TRANSACTION | |
| control field | 20170112131005.0 |
| 008 - FIXED-LENGTH DATA ELEMENTS--GENERAL INFORMATION | |
| fixed length control field | 170112b xxu||||| |||| 00| 0 eng d |
| 020 ## - INTERNATIONAL STANDARD BOOK NUMBER | |
| International Standard Book Number | 9780821377284 |
| 040 ## - CATALOGING SOURCE | |
| Transcribing agency | DDC |
| 082 ## - DEWEY DECIMAL CLASSIFICATION NUMBER | |
| Classification number | 332.1 GRE 2009 |
| 100 ## - MAIN ENTRY--PERSONAL NAME | |
| Personal name | Greuning, Van Hennie; Bratanovic, Sonja Brajovic |
| 9 (RLIN) | 11386 |
| 245 ## - TITLE STATEMENT | |
| Title | Analyzing Banking Risk: a framework for assessing corporate governance and risk management |
| 250 ## - EDITION STATEMENT | |
| Edition statement | 3rd ed. |
| 260 ## - PUBLICATION, DISTRIBUTION, ETC. (IMPRINT) | |
| Place of publication, distribution, etc. | Washington D.C; The World Bank, 2009 |
| 300 ## - PHYSICAL DESCRIPTION | |
| Extent | xiv, 422p; ill: 23cm |
| 504 ## - BIBLIOGRAPHY, ETC. NOTE | |
| Bibliography, etc | Appendices included |
| 650 ## - SUBJECT ADDED ENTRY--TOPICAL TERM | |
| Topical term or geographic name as entry element | Banking management |
| 9 (RLIN) | 5927 |
| 650 ## - SUBJECT ADDED ENTRY--TOPICAL TERM | |
| Topical term or geographic name as entry element | Risk management |
| 9 (RLIN) | 7911 |
| 942 ## - ADDED ENTRY ELEMENTS (KOHA) | |
| Source of classification or shelving scheme | Other/Generic Classification Scheme |
| Koha item type | Open Shelf |
| Withdrawn status | Lost status | Source of classification or shelving scheme | Damaged status | Not for loan | Home library | Current library | Date acquired | Source of acquisition | Inventory number | Total Checkouts | Full call number | Barcode | Date last seen | Koha item type |
|---|---|---|---|---|---|---|---|---|---|---|---|---|---|---|
| Dewey Decimal Classification | MUST Main Library | MUST Main Library | 12/01/2017 | 15/38981 | 332.1 GRE 2009 | 2017-0012 | 12/01/2017 | Open Shelf |
